000 00779nam a22002771 4500
001 76699
003 BD-RjUL
005 20211209082856.0
008 200113s1949 nyu 000 0 eng
035 _a(BD-RjUL)
040 _aDLC
_cDLC
_dDLC
_beng
041 _aeng
082 _223
_a658.85
_bSUT 1949
100 1 _aSutton, Kelso,
_d1906-
_9237422
245 1 4 _aThe technique of selling /
_cby Kelso Sutton
250 _a1st.ed.
260 _aNew York,
_bMcGraw-Hill Book Co.,
_c1949.
300 _avii, 419 p. ;
_c24 cm.
650 _aSelling
_9237423
906 _a0
_bibc
_cpremunv
_d3
_encip
_f19
_gy-gencatlg
942 _2ddc
_cBK
999 _c76699
_d76699